000 00592nam a2200217Ia 4500
003 OSt
005 20220926044756.0
006 a|||||r|||| 00| 0
007 ta
008 220923b |||||||| |||| 00| 0 eng d
037 _cGeneral Book
040 _aRTL
_cRTL
_beng
041 _2eng
_aeng
082 _aV42.N64<--M64, K5
100 _aEunson Roby
_9349423
245 0 _a100 years
_b The amazing development of Japan since
260 _c1965
650 _aJapan History
_942685
942 _hV42.N64<--M64, K5
_cGB
_2CC
999 _c675811
_d675811